| 000 | 00581cam a22002051a 4500 | ||
|---|---|---|---|
| 001 | f 01000362 | ||
| 003 | DLC | ||
| 005 | 20260227111237.0 | ||
| 008 | 810918s1874 fr 000 1 fre | ||
| 010 | _af 01000362 | ||
| 035 | _a(OCoLC)7769566 | ||
| 040 |
_aDLC _cNcWsW _dNcWsW _dDLC |
||
| 042 | _apremarc | ||
| 050 | 0 | 0 |
_aPQ2315 _b.P7 1874 |
| 100 | 1 |
_aKarr, Alphonse, _d1808-1890. |
|
| 245 | 1 | 3 |
_aLa promenade des Anglais / _cpar Alphonse Karr. |
| 260 |
_aParis : _bM. Lévy frères, _c1874. |
||
| 300 |
_a2 p. l., 318 p. ; _c19 cm. |
||
| 500 | _aHalf-title: Œuvres complètes. | ||
| 999 |
_c22414 _d22414 |
||